00378nam a2200169Ia 4500008004000000082001100040100001600051245003500067250000500102260004500107300000800152650001100160650001000171650000700181650001400188650000600202210210b1925 xxu||||| |||| 00| 0 eng d a544/93 aJEANS (J H) aDynamical theory of gases Ed 4 a aCambridgebAt the University Pressc1925 a444 atheory agases aEd aDynamical a4